00793nam a2200157Ia 4500008004100000020001800041100002100059245009800080260003900178440003600217650001200253650021600265856004500481999001900526952009000545171212s9999 xx 000 0 und d a9780874217131 aStenhouse, Fanny cStenhouse, Fannyeditor DeSimone, LindaaExposé of PolygamybA Lady's Life Among the Mormons bUniversity Press of Coloradoc2008 aLife Writings of Frontier Women aHistory aMormon Church -- Controversial literature; Church of Jesus Christ of Latter-day Saints -- Doctrines; Mormon Church -- Doctrines; Polygamy -- Religious aspects -- Mormon Church; Stenhouse, T. B. H., Mrs., b. 1829 uwww.jstor.org/stable/10.2307/j.ctt4cgrcf c353061d353061 001040aCLbCLd2017-12-12l0oBX8645.S67 2008r2017-12-12 00:00:00w2017-12-12yCBE